| 000 | 01325nam a2200241 a 4500 | ||
|---|---|---|---|
| 003 | AM-YEHGA | ||
| 040 | _aAM-YeHGA | ||
| 942 |
_2udc _cBK |
||
| 001 | 1637762 | ||
| 005 | 20250617160822.0 | ||
| 008 | 190814s1961 ru ||||fr|||||00||0|rus|| | ||
| 041 | 0 | _arus | |
| 100 | 1 | _aБровко, И. А. | |
| 245 | 1 | 0 |
_aВспомогательное оборудование для сборочно-сварочных работ / _cИ. А. Бровко, А. Д. Гитлевич ; Гос. ком. Совета Министров СССР по координации науч.-исслед. работ. Центр. ин-т науч.-техн. информации машиностроения. |
| 260 |
_aМосква : _b[б. и.], _c1961. |
||
| 300 |
_a51 с. : _bил. ; _c22 см. |
||
| 504 | _aБиблиогр. в конце кн.: | ||
| 650 | 1 | 4 | _aСварочное оборудование |
| 700 | 1 |
_aГитлевич, Арлен Давидович _eавтор _4aut |
|
| 710 | 2 | _aГосударственный комитет Совета Министров СССР по координации научно-исследовательских работ. | |
| 710 | 2 | _aЦентральный институт научно-технической информации машиностроения. | |
| 090 | _c463686 | ||
| 999 |
_c460598 _d460598 |
||